|
|
|
|
| LEADER |
00000cam a2200000 a 4500 |
| 001 |
vtls010502116 |
| 003 |
SK-MaSNL |
| 005 |
20260302083046.0 |
| 008 |
160430s2012 xo ao er 000 0 slo |
| 015 |
|
|
|a SNBA2013/08
|
| 020 |
|
|
|a 9788022332651 (brož.)
|
| 035 |
|
|
|a 24351BA7-1234-43B0-BF1E-0B50294BF786
|
| 035 |
|
|
|a urn:nbn:sk:snk-amkbnw
|
| 035 |
|
|
|a urn:nbn:sk:snk-am008brj
|
| 040 |
|
|
|a SNK
|b slo
|c SNK
|e AACR2
|
| 041 |
0 |
|
|a slo
|
| 044 |
|
|
|a xo
|c SK
|
| 072 |
|
7 |
|a 811.162.4
|x Slovenčina
|2 konspekt
|
| 080 |
|
|
|a 811.162.4
|2 2001
|
| 080 |
|
|
|a 81'24
|2 2001
|
| 080 |
|
|
|a 371.214
|2 2001
|
| 080 |
|
|
|a (075)
|2 2001
|
| 080 |
|
|
|a 81'36
|2 2001
|
| 245 |
0 |
0 |
|a Krížom krážom
|b slovenčina A2
|c Renáta Kamenárová ... [et al.] ; [ilustrácie: Michal Tinák-Uhrín ; fotografie: Tomáš Záhumenský]
|
| 246 |
3 |
0 |
|a Slovenčina A2
|
| 250 |
|
|
|a 2. dopl. a preprac. vyd.
|
| 260 |
|
|
|a V Bratislave
|b Univerzita Komenského
|c 2012
|
| 300 |
|
|
|a 207 s.
|b fareb. fotogr. a ilustr.
|c 27 cm
|
| 490 |
1 |
|
|a Studia Academica Slovaca
|
| 504 |
|
|
|a Slovník ; vysvetl.
|
| 630 |
0 |
7 |
|a Slovenčina ako cudzí jazyk (vzdelávací program)
|2 SNKPH
|9 648806
|
| 650 |
0 |
7 |
|a slovenčina
|2 SNKPH
|9 1350
|
| 650 |
0 |
7 |
|a konverzácia
|2 SNKPH
|9 49849
|
| 650 |
0 |
7 |
|a vyučovanie jazykov
|2 SNKPH
|9 31418
|
| 650 |
0 |
7 |
|a vzdelávacie programy
|2 SNKPH
|9 4069
|
| 650 |
0 |
7 |
|a Slovak language
|2 SNKPHeng
|9 266031
|
| 650 |
0 |
7 |
|a Conversation, terms and phrases
|2 SNKPHeng
|9 314419
|
| 650 |
0 |
7 |
|a Language teaching and learning
|2 SNKPHeng
|9 267180
|
| 650 |
0 |
7 |
|a Educational programs
|2 SNKPHeng
|9 314422
|
| 650 |
0 |
7 |
|a gramatika
|2 SNKPH
|9 865
|
| 650 |
0 |
7 |
|a Grammar
|2 SNKPHeng
|9 278150
|
| 655 |
|
7 |
|a učebnice pre cudzincov
|2 SNKPH
|9 70614
|
| 655 |
|
7 |
|a Textbooks for foreigners
|2 SNKPHeng
|9 339525
|
| 700 |
1 |
|
|a Kamenárová, Renáta
|4 aut
|9 336932
|
| 700 |
1 |
|
|a Španová, Eva
|4 aut
|9 268259
|
| 700 |
1 |
|
|a Ľos Ivoríková, Helena,
|d 1978-
|4 aut
|9 252385
|
| 700 |
1 |
|
|a Balšínková, Dorota
|4 aut
|9 600919
|
| 700 |
1 |
|
|a Krchová, Zuzana
|4 aut
|9 513034
|
| 700 |
1 |
|
|a Mošaťová, Michaela,
|d 1976-
|4 aut
|9 252386
|
| 700 |
1 |
|
|a Tichá, Hana
|4 aut
|9 332257
|
| 700 |
1 |
|
|a Tinák Uhrín, Michal
|4 ill
|9 195539
|
| 700 |
1 |
|
|a Zahumenský, Tomáš
|4 pht
|9 503687
|
| 752 |
|
|
|a Slovensko
|d Bratislava
|
| 830 |
|
0 |
|a Studia Academica Slovaca
|9 301068
|
| 852 |
|
|
|a Štátna vedecká knižnica v Banskej Bystrici
|
| 919 |
|
|
|a 978-80-223-3265-1
|
| 999 |
|
|
|c 1182425
|d 1184355
|
| 952 |
|
|
|a SNK
|b SNK
|y PREZ
|7 0
|p 17A1080552
|o snkSB 85373/[A2]
|i snk2013/17454
|8 0
|0 0
|1 0
|4 0
|d 2013-07-24
|f 1
|l 0
|r 2025-05-07 00:00:00
|w 2026-02-24
|
| 952 |
|
|
|a SNK
|b SNK
|y VYP
|7 0
|p 17A1080551
|o snkSB 85373/[A2] D1
|i snk2013/17455
|8 0
|0 0
|1 0
|4 0
|d 2013-07-24
|l 0
|r 2016-06-30 00:00:00
|w 2026-02-24
|